Better regulation practices in national parliaments

Bibliographic Details
Main Author: Anglmayer, Irmgard
Format: eBook
Language:English
Published: Bruselas: European Union Publications Office, 2020
Subjects:
Online Access:Acceso restringido

MARC

LEADER 00000nam a22000007a 4500
005 20211025212952.0
007 cr|||| ||||
008 211025s2020 eu |||||s|||| 00||0 eng d
020 |a 978-92-846-6555-6 
035 |a 34319 
040 |a vLex 
090 |c 12603  |d 12603 
100 1 |a Anglmayer, Irmgard 
245 1 0 |a Better regulation practices in national parliaments  |h [Recurso electrn̤ico] /  |c Irmgard Anglmayer 
256 |a Servicio en ln̕ea 
260 |a Bruselas:  |b European Union Publications Office,  |c 2020 
300 |a 1 recurso electrn̤ico 
500 |a Ex-ante impact assessment and ex-post evaluation are regulatory policy tools that help inform the policy-making process with evidence-based analysis. Both tools are geared towards raising the quality of policies and legislation. While Better Regulation is widely deemed a prerogative of the executive branch, increasingly, parliaments are also emerging as actors. This study sheds light on the parliamentary dimension of Better Regulation. Based on a survey, it maps the capacities and experiences of the national parliaments of all 27 European Union (EU) Member States and of 11 further Council of Europe countries in the field of ex-ante impact assessment and ex-post evaluation. The study reveals that roughly half of the surveyed parliaments engage in regulatory policy beyond classical parliamentary scrutiny mechanisms. Overall, these parliaments show a very diverse pattern in terms of drivers, types and depth of engagement. There is no 'one size fits all' approach. 
506 1 |a Disponible solo en los productos indicados  |d vLex Global  |d vLex Global (Academic Edition, excluding Law Schools)  |d vLex Global (U.S. Academic Edition, Law Schools)  |d vLex Global (U.S. Academic Edition, excluding Law Schools)  |d vLex Global (Academic Edition, Law Schools) 
650 0 4 |a Derecho Comunitario  |z Unin̤ Europea 
740 0 |a vLex Libros (Servicio en ln̕ea) 
856 4 0 |u https://app.vlex.com/#/sources/34319  |z Acceso restringido 
942 |c BOOK 
999 0 |a Community Law